000 00404 a2200169 4500
001 71242
020 _a8571237859
040 _cAnchieta - Colégio São Paulo
100 _aGrant, Linda
240 1 0 _aQuando eu vivi nos tempos modernos
_lpor
245 1 0 _aQuando eu vivi nos tempos modernos
300 _a320
362 0 _a2002
440 1 _aBest Seller
650 4 _aFicção inglesa
942 _cBK
999 _c71242
_d71242